LEADER 01054nam a2200229 u 4500 001 000000080019 003 CaOOAMICUS 005 20120330122733.0 008 040622s1967 gw u000 u ger u 035 $a11001236 040 $aPUL$bita 100 1 $aWelte, Bernhard,$d1908-1983.$0(OLS)http://pul/name/11877 245 10$aIm Spielfeld von Endlichkeit und Unendlichkeit :$bGedanken zur Deutung des menslichen Daseins /$cBernard Welte. 260 $aFrankfurt am Main :$bJosef Knecht,$c1967. 300 $a118 p.$c20 cm 650 4$aOntologia$xStudi.$0(OLS)http://pul/subject/23178 650 4$aFilosofia$xStoria$xSaggi.$0(OLS)http://pul/subject/27764 850 $aPUL 852 $aPUL$W1$xSL Filosofia 3$y81$m111 WELBE 1$j148468$nBK-PRI$qDDC 21$B102264$CPULBib$Z2$F102264 $H89249 $82 941 1 $a9 996 $6245$aIm Spielfeld von Endlichkeit und Unendlichkeit :$bGedanken zur Deutung des menslichen Daseins$9(OLS)http://pul/title/104824 996 $6260$aFrankfurt am Main :$bJosef Knecht$9(OLS)http://pul/publisher/61860 LEADER 01614nam a2200337 a 4500 001 000000030724 003 CaOOAMICUS 005 20100917172007.0 008 970919m19861986gw u000 u ger r 020 $a3545231127 (Bd. V,1) 020 $a3545231135 (Bd. V.2) 035 $a10769954 040 $aPUL$bita$delep 100 1 $aPesch, Rudolf,$d1936-2011.$0(OLS)http://pul/name/12030 245 14$aDie Apostelgeschichte /$cRudolf Pesch. 260 $aZürich :$bBenziger ;$aNeukirchen-Vluyn :$bNeukirchener Verlag,$c1986. 300 $a2 v. ;$c24 cm 490 1 $aEvangelisch-Katholischer Kommentar zum Neuen Testament ;$vV, 1-2 505 1 $aV.1. Apg 1-12 -- v.2. Apg 13-28. 730 0 $aBiblia.$pN.T.$pActus apostolorum.$lTedesco.$0(OLS)http://pul/title/41196 830 0$aEvangelisch-Katholischer Kommentar zum Neuen Testament ;$vV, 1-2.$0(OLS)http://pul/title/42192 850 $aPUL 852 $aPUL$W1$xSL Religione 1$y3$m1(6) M 5.2$j120844$nBK-PRI$av.2.$qStampati$B120024$CPULBib$Z2$F120024 $H56910 $82 852 $aPUL$W1$xSL Religione 1$y3$m1(6) M 5.1$j141314$nBK-PRI$av.1.$qStampati$B42465$CPULBib$Z2$F42465 $H56307 $82 941 1 $a8 983 0$aEKK. 996 $6020$a3545231127 (Bd. V,1)$9(OLS)http://pul/number/38546 996 $6020$a3545231135 (Bd. V.2)$9(OLS)http://pul/number/38547 996 $6245$aDie Apostelgeschichte$9(OLS)http://pul/title/41197 996 $6260$aZürich :$bBenziger$9(OLS)http://pul/publisher/60632 996 $6260$aNeukirchen-Vluyn :$bNeukirchener Verlag$9(OLS)http://pul/publisher/48213